Statistics for What Words can You Make: Alaska

Click here to take the quiz!

General Stats

  • This quiz has been taken 17 times
  • The average score is 9 of 12

Answer Stats

LettersWord% Correct
3Aas
100%
3Ask
100%
3Aal
94%
3Las
94%
3Sal
88%
3Ala
82%
4Alas
76%
3Kas
76%
3Ska
76%
4Aals
59%
3Als
47%
4Kaas
24%

Score Distribution

Percentile by Number Answered

Percent of People with Each Score

Your Score History

You have not taken this quiz